اتفاقية بودابست لمكافحة جرائم المعلوماتية : (Record no. 23382)

MARC details
000 -الفاتح
حقل البيانات ثابتة الطول 01109nam a22002655a 4500
003 - محدد رقم الضبط
رقم الضبط OSt
005 - وقت وتاريخ اخر تعامل مع التسجيلة
رقم الضبط 20161128154647.0
008 - عناصر البيانات ثابتة الطول - معلومات عامة
حقل البيانات ثابتة الطول 161128s2011 ua frbl 000 0 ara d
015 ## -
-- 2007/17155
020 ## - الرقم الدولى المعيارى للكتب
الرقم الدولى المعيارى للكتاب 9770452247
040 ## - مصدر الفهرسة
وكالة الفهرسة الأصلية EG-ScBUE
لغة الفهرسة ara
وكالة النسخ EG-ScBUE
082 04 - رقم تصنيف ديوى العشرى
رقم التصنيف 345.0268
رقم المادة أ ح م
رقم الطبعة 22
100 1# - المدخل الرئيسى - إسم شخصى
الإسم الشخصى أحمد، هلالي عبد اللاه.
245 10 - بيان العنوان
العنوان اتفاقية بودابست لمكافحة جرائم المعلوماتية :
بقية العنوان معلقا عليها /
بيان المسئوليه,etc تأليف هلالي عبد اللاه أحمد.
250 ## - بيان الطبعة
بيان الطبعة ط. 8.
260 ## - PUBLICATION, DISTRIBUTION, ETC. (IMPRINT)
مكان الناشر او الموزع القاهرة :
اسم الناشر او الموزع دار النهضة العربية،
تاريخ النشر أو التوزيع 2011.
300 ## - الوصف المادى
التعداد 448 ص. ؛
أبعاد الوعاء 24 سم.
504 ## - تبصرة ببليوجرافية
تبصرة ببليوجرافية,الخ يشتمل على إرجاعات ببليوجرافية.
630 07 - المدخل الاضافى بالموضوع - عنوان موحد
عنوان موحد اتفاقية بودابست
تاريخ توقيع المعاهده (23 نوفمبر 2001)
مصدر الرأس أو المصطلح BUEsh
650 #7 - المدخل الاضافى بالموضوع-مصطلح موضوعى
مصطلح موضوعي أو اسم جغرافي كعنصر مدخل جرائم الحاسبات الإلكترونية (قانون دولي)
التقسيم الفرعي الشكلي معاهدات.
مصدر الرأس أو المصطلح BUEsh
650 #7 - المدخل الاضافى بالموضوع-مصطلح موضوعى
مصطلح موضوعي أو اسم جغرافي كعنصر مدخل أمن الحاسبات الإلكترونية (قانون دولي)
التقسيم الفرعي الشكلي معاهدات.
مصدر الرأس أو المصطلح BUEsh
651 ## - المدخل الاضافى بالموضوع - اسم جغرافى
مصدر الرأس أو المصطلح BUEsh
653 ## - مصطلح تكشيفى غير مقيد
Resource For college Law
Arrived date list November2016
942 ## - عناصر المدخل الإضافي( كوها)
مصدر التصنيف او مخطط الترفيف Dewey Decimal Classification
Holdings
حالة التراجع حالة الفقد مصدر التصنيف او خطة الترفيف تحديد مواد ( مجلدات مجمعه أو جزء أخر) حالة تلف ليس للاعارة مجموعات كوها المكان الدائم المكان الحالي موقع الترفيف تاريخ الاكتساب Source of acquisition سعر الشراء الطبيعي تعداد مسلسل / التسلسل الزمني رقم الاستدعاء الباركود Date last seen التكلفة نوع الوعاء مُعار
  Lost Dewey Decimal Classification Lost_In_Inventory_12-2-2024     دار النهضة العربية Central Library Central Library First floor 28/11/2016 Purchase 75.00 2815 345.0268 أ ح م 000040070 24/08/2022 93.75 Book - Borrowing  
    Dewey Decimal Classification       دار النهضة العربية Central Library Central Library First floor 28/11/2016 Purchase 75.00 2815 345.0268 أ ح م 000040071 15/07/2025 93.75 Book - Borrowing 06/10/2020